000 00634nam a2200193Ia 4500
003 GCL
008 140319s9999 xx 000 0 ara d
040 _aGCL /
_cGCL
082 0 4 _a811.01
_bف د
100 1 _aفوزى احمد
245 1 0 _aدموع لا تعرف الحب: قصائد حب /
_cفوزى احمد
300 _a181 ص
490 _aالهيئة العامة للاستعلامات
_v0
650 0 4 _aالشعر الغزلى
650 0 4 _aالشعر العربى - دواوين وقصائد
650 0 4 _aالادب العربى - مجموعات
650 0 4 _aالشعر الغنائى - مصر
942 _2ddc
_cBK
999 _c52135
_d52135